NBA Top 5 Win Shares since 2000 - Statistics

General Stats
  • This quiz has been taken 13 times
  • The average score is 104 of 135
Answer Stats
Year Team Player % Correct
2026: 1 Thunder Shai Gilgeous-Alexander
100%
2025: 1 Thunder Shai Gilgeous-Alexander
100%
2024: 2 Thunder Shai Gilgeous-Alexander
100%
2023: 5 Thunder Shai Gilgeous-Alexander
100%
2021: 3 Trail Blazers Damian Lillard
90%
2020: 2 Trail Blazers Damian Lillard
90%
2019: 4 Trail Blazers Damian Lillard
90%
2018: 5 Trail Blazers Damian Lillard
90%
2025: 5 Bucks Giannis Antetokounmpo
90%
2024: 3 Bucks Giannis Antetokounmpo
90%
2022: 2 Bucks Giannis Antetokounmpo
90%
2021: 4 Bucks Giannis Antetokounmpo
90%
2020: 3 Bucks Giannis Antetokounmpo
90%
2019: 3 Bucks Giannis Antetokounmpo
90%
2026: 3 Pistons Jalen Duren
90%
2026: 4 Rockets Kevin Durant
90%
2016: 2 Thunder Kevin Durant
90%
2014: 1 Thunder Kevin Durant
90%
2013: 2 Thunder Kevin Durant
90%
2012: 3 Thunder Kevin Durant
90%
2010: 2 Thunder Kevin Durant
90%
2024: 5 Mavericks Luka Dončić
90%
2026: 2 Nuggets Nikola Jokić
90%
2025: 2 Nuggets Nikola Jokić
90%
2024: 1 Nuggets Nikola Jokić
90%
2023: 1 Nuggets Nikola Jokić
90%
2022: 1 Nuggets Nikola Jokić
90%
2021: 1 Nuggets Nikola Jokić
90%
2022: 4 Jazz Rudy Gobert
90%
2021: 2 Jazz Rudy Gobert
90%
2020: 5 Jazz Rudy Gobert
90%
2019: 2 Jazz Rudy Gobert
90%
2017: 2 Jazz Rudy Gobert
90%
2020: 4 Lakers Anthony Davis
80%
2018: 4 Pelicans Anthony Davis
80%
2015: 4 Pelicans Anthony Davis
80%
2015: 2 Clippers Chris Paul
80%
2013: 3 Clippers Chris Paul
80%
2012: 2 Clippers Chris Paul
80%
2011: 4 Clippers Chris Paul
80%
2009: 2 Hornets Chris Paul
80%
2008: 1 Hornets Chris Paul
80%
2010: 5 Mavericks Dirk Nowitzki
80%
2007: 1 Mavericks Dirk Nowitzki
80%
2006: 1 Mavericks Dirk Nowitzki
80%
2005: 2 Mavericks Dirk Nowitzki
80%
2003: 2 Mavericks Dirk Nowitzki
80%
2002: 3 Mavericks Dirk Nowitzki
80%
2001: 2 Mavericks Dirk Nowitzki
80%
2024: 4 Kings Domantas Sabonis
80%
2023: 2 Kings Domantas Sabonis
80%
2010: 4 Heat Dwyane Wade
80%
2009: 3 Heat Dwyane Wade
80%
2020: 1 Rockets James Harden
80%
2019: 1 Rockets James Harden
80%
2018: 1 Rockets James Harden
80%
2017: 1 Rockets James Harden
80%
2015: 1 Rockets James Harden
80%
2014: 5 Rockets James Harden
80%
2013: 4 Rockets James Harden
80%
2023: 3 Heat Jimmy Butler
80%
2021: 5 Heat Jimmy Butler
80%
2017: 3 Heat Jimmy Butler
80%
2023: 4 76ers Joel Embiid
80%
2022: 3 76ers Joel Embiid
80%
2022: 5 Timberwolves Karl Anthony-Towns
80%
2018: 2 Timberwolves Karl Anthony-Towns
80%
2017: 4 Spurs Kawhi Leonard
80%
2016: 4 Spurs Kawhi Leonard
80%
2006: 5 Timberwolves Kevin Garnett
80%
2005: 1 Timberwolves Kevin Garnett
80%
2004: 1 Timberwolves Kevin Garnett
80%
2003: 4 Timberwolves Kevin Garnett
80%
2018: 3 Cavaliers LeBron James
80%
2016: 5 Cavaliers LeBron James
80%
2014: 2 Heat LeBron James
80%
2013: 1 Heat LeBron James
80%
2012: 1 Heat LeBron James
80%
2011: 1 Heat LeBron James
80%
2010: 1 Cavaliers LeBron James
80%
2009: 1 Cavaliers LeBron James
80%
2008: 2 Cavaliers LeBron James
80%
2007: 2 Cavaliers LeBron James
80%
2006: 2 Cavaliers LeBron James
80%
2005: 4 Cavaliers LeBron James
80%
2019: 5 Thunder Paul George
80%
2017: 5 Thunder Russell Westbrook
80%
2016: 3 Thunder Russell Westbrook
80%
2013: 5 Thunder Russell Westbrook
80%
2007: 3 Spurs Tim Duncan
80%
2004: 3 Spurs Tim Duncan
80%
2003: 1 Spurs Tim Duncan
80%
2002: 1 Spurs Tim Duncan
80%
2001: 4 Spurs Tim Duncan
80%
2000: 4 Spurs Tim Duncan
80%
2011: 5 Bulls Derrick Rose
70%
2011: 3 Magic Dwight Howard
70%
2010: 3 Magic Dwight Howard
70%
2009: 5 Magic Dwight Howard
70%
2025: 4 Cavaliers Jarrett Allen
70%
2001: 5 Jazz Karl Malone
70%
2000: 2 Jazz Karl Malone
70%
2008: 4 Lakers Kobe Bryant
70%
2007: 4 Lakers Kobe Bryant
70%
2006: 4 Lakers Kobe Bryant
70%
2003: 5 Lakers Kobe Bryant
70%
2011: 2 Lakers Pau Gasol
70%
2009: 4 Lakers Pau Gasol
70%
2002: 5 Celtics Paul Pierce
70%
2001: 3 Bucks Ray Allen
70%
2002: 4 Lakers Shaquille O'Neal
70%
2001: 1 Lakers Shaquille O'Neal
70%
2000: 1 Lakers Shaquille O'Neal
70%
2016: 1 Warriors Steph Curry
70%
2015: 3 Warriors Steph Curry
70%
2014: 4 Warriors Steph Curry
70%
2007: 5 Suns Steve Nash
70%
2008: 3 Suns Amar'e Stoudemire
60%
2005: 3 Suns Amar'e Stoudemire
60%
2026: 5 Rockets Amen Thompson
60%
2008: 5 Pistons Chauncey Billups
60%
2006: 3 Pistons Chauncey Billups
60%
2000: 3 SuperSonics Gary Payton
60%
2014: 3 Timberwolves Kevin Love
60%
2012: 4 Timberwolves Kevin Love
60%
2015: 5 Clippers DeAndre Jordan
50%
2025: 3 Clippers Ivica Zubac
50%
2005: 5 Suns Shawn Marion
50%
2000: 5 Heat Alonzo Mourning
40%
2004: 5 Jazz Andrei Kirilenko
40%
2004: 2 Kings Peja Stojaković
40%
2003: 3 Magic Tracy McGrady
40%
2002: 2 Clippers Elton Brand
30%
2004: 4 Timberwolves Sam Cassell
30%
2012: 5 Knicks Tyson Chandler
10%
No matching quizzes found
Score Distribution
Percent of People with Each Score
Percentile by Number Answered
Your Score History
You have not taken this quiz